[Event "AUT-ch U12"]
[Site "Deutschlandsberg"]
[Date "2006.??.??"]
[Round "6"]
[White "Kessler, Luca"]
[Black "Duan, Felix"]
[Result "1-0"]
[WhiteElo "1663"]
[BlackElo "1372"]
[PlyCount "47"]
[EventDate "2006.06.??"]
[EventType "swiss"]
[EventRounds "7"]
[EventCountry "AUT"]
[SourceTitle "EXT 2009"]
[Source "ChessBase"]
[SourceDate "2008.11.26"]
[SourceVersion "1"]
[SourceVersionDate "2008.11.26"]
[SourceQuality "1"]

1. e4 c5 2. Nc3 Nc6 3. d3 d6 4. Be3 Nf6 5. g3 g6 6. Qd2 Bg7 7. Bh6 0-0 8. Bxg7 Kxg7 9. Bg2 Bd7 10. Nge2 Qc8 11. 0-0 Bh3 12. f4 Bxg2 13. Kxg2 e6 14. h3 b6 15. g4 Qb7 16. Ng3 Nd4 17. Nce2 Rac8 18. Kh2 e5 19. fxe5 dxe5 20. Qg5 Rc6 21. Nxd4 exd4 22. Rxf6 Rxf6 23. Nh5+ Kh8 24. Qxf6+ 1-0

[Event "AUT-ch U12"]
[Site "Deutschlandsberg"]
[Date "2006.??.??"]
[Round "4"]
[White "Wertjanz, David"]
[Black "Duan, Felix"]
[Result "1-0"]
[WhiteElo "1743"]
[BlackElo "1372"]
[PlyCount "85"]
[EventDate "2006.06.??"]
[EventType "swiss"]
[EventRounds "7"]
[EventCountry "AUT"]
[SourceTitle "EXT 2009"]
[Source "ChessBase"]
[SourceDate "2008.11.26"]
[SourceVersion "1"]
[SourceVersionDate "2008.11.26"]
[SourceQuality "1"]

1. e4 c6 2. d4 d5 3. e5 Bf5 4. Nf3 e6 5. Be2 c5 6. Be3 b6 7. 0-0 Nc6 8. c3 Rc8 9. Qa4 c4 10. b3 cxb3 11. axb3 Nge7 12. Bb5 Qc7 13. Qxa7 Qxa7 14. Rxa7 Bd3 15. Rxe7+ Bxe7 16. Bxd3 0-0 17. Nbd2 Na7 18. c4 Rfd8 19. Ne1 Nc6 20. Nc2 Rc7 21. f4 Rdc8 22. f5 Bb4 23. f6 g6 24. cxd5 Bxd2 25. Bxd2 exd5 26. Bh6 Nd8 27. Nb4 Nc6 28. Nxd5 Rd8 29. Nxc7 Rxd4 30. Bb5 Nxe5 31. Ra1 Rd8 32. Ra8 Rxa8 33. Nxa8 Ng4 34. Bg7 h5 35. Nxb6 Kh7 36. Be8 Ne5 37. Nd7 Nxd7 38. Bxd7 h4 39. b4 h3 40. gxh3 g5 41. b5 g4 42. hxg4 Kg6 43. b6 1-0